Laboratory Manual of Microbiology (Record no. 16982)
[ view plain ]
| 000 -LEADER | |
|---|---|
| fixed length control field | 00265nam a22001097a 4500 |
| 003 - CONTROL NUMBER IDENTIFIER | |
| control field | ASAB |
| 005 - DATE AND TIME OF LATEST TRANSACTION | |
| control field | 20170804135237.0 |
| 008 - FIXED-LENGTH DATA ELEMENTS--GENERAL INFORMATION | |
| fixed length control field | 140217t xxu||||| |||| 00| 0 eng d |
| 020 ## - INTERNATIONAL STANDARD BOOK NUMBER | |
| International Standard Book Number | 978-81-7233-706-3 |
| 040 ## - CATALOGING SOURCE | |
| Transcribing agency | ASAB |
| 082 ## - DEWEY DECIMAL CLASSIFICATION NUMBER | |
| Classification number | 616.09 |
| 100 ## - MAIN ENTRY--PERSONAL NAME | |
| Personal name | Vivek Kumar |
| 9 (RLIN) | 724 |
| 245 ## - TITLE STATEMENT | |
| Title | Laboratory Manual of Microbiology |
| Statement of responsibility, etc. | by Vivek Kumar. |
| 260 ## - PUBLICATION, DISTRIBUTION, ETC. | |
| Place of publication, distribution, etc. | India. |
| Name of publisher, distributor, etc. | Scientific publishers india. |
| Date of publication, distribution, etc. | 2011. |
| 300 ## - PHYSICAL DESCRIPTION | |
| Extent | 214 P. |
| 942 ## - ADDED ENTRY ELEMENTS (KOHA) | |
| Source of classification or shelving scheme | |
| Koha item type | Book |
| Withdrawn status | Lost status | Source of classification or shelving scheme | Damaged status | Not for loan | Collection code | Permanent Location | Current Location | Date acquired | Total Checkouts | Full call number | Barcode | Date last seen | Date last checked out | Price effective from | Koha item type |
|---|---|---|---|---|---|---|---|---|---|---|---|---|---|---|---|
| Central Library (CL) | Central Library (CL) | 02/17/2014 | 1 | 616.90 KUM | ASAB1977 | 08/04/2017 | 12/14/2015 | 02/17/2014 | Book |
